000 00383nam a2200169Ia 4500
008 230524s9999 xx 000 0 und d
020 _a818732841X
082 _a5.13
_bRAJ
100 _aR.Rajaram
245 0 _aProgramming in Java 2
250 _a1ST
260 _aCHENNAI
_bScitech
_c2002
300 _a278
500 _aQuantity Number: 2
650 _aComp-Sc
942 _cBK
999 _c22421
_d22421